书目信息 |
| 书名: | The Holt handbook | |
| 作者: | Laurie G. Kirszner, Stephen R. Mandell. | |
| 分册号: | ||
| 分册名: | 出版地: | Fort Worth, TX : |
|
| 出版社: | Harcourt Brace College Publishers | |
| 出版时间: | 1999. | |
| 页数: | 878,37,36,2,43 p. ; | |
| 开本: | 19cm. | |
| 丛书名: | ||
| 中图分类号: | ||
| 科图分类号: | ||
| 其他分类号: | H315 | |
| 主题词: | ||
| 电子资源: | ||
| 000 | 00834nam a22002655a 450 | |
| 001 | E0736004097 | |
| 005 | 20070707100305.42 | |
| 008 | 971030s1999 000 0 eng | |
| 010 | @a97080825 | |
| 020 | @a0155079042. | |
| 035 | @A(DLC) 97080825 | |
| 040 | @aDLC@cDLC | |
| 050 | 00 | @a9806 BOOK NOT YET IN LC |
| 090 | @aH315 | |
| 099 | @dH315@ex207=5 | |
| 100 | 1 | @aKirszner, Laurie G. |
| 245 | 14 | @aThe Holt handbook / @cLaurie G. Kirszner, Stephen R. Mandell. |
| 250 | @a5th ed. | |
| 260 | @aFort Worth, TX :@bHarcourt Brace College Publishers,@c1999. | |
| 300 | @a878,37,36,2,43 p. ;@c19cm. | |
| 700 | 1 | @aMandell, Stephen R. |
| 906 | @a0@bibc@corignew@d2@eopcn@f19@gy-gencatlg | |
| 922 | @aad | |
| 955 | @apn09/e-pcn 10-30-97 | |
| 963 | @aDenise Netardus; voice: (817) 334-7628; fax: (817) 334-7628; email: denisenetardus | |
| The Holt handbook / / Laurie G. Kirszner, Stephen R. Mandell.-5th ed.-Fort Worth, TX : : Harcourt Brace College Publishers, , 1999. |
| 878,37,36,2,43 p. ; ; 19cm. |
| ISBN 0155079042. |
| ● |
| 相关链接 |
|
|
|
|
正题名:Holt handbook
索取号:H315/x207=5
 
预约/预借
| 序号 | 登录号 | 条形码 | 馆藏地/架位号 | 状态 | 备注 |
| 1 | 12401 | 300124014 | 第二样本阅览室/ [索取号:H315/x207=5] | 在馆 | |
| 2 | 12402 | 300124023 | 第四借阅区/ [索取号:H315/x207=5] | 在馆 | |
| 3 | 12403 | 300124032 | 第四借阅区/ [索取号:H315/x207=5] | 在馆 |